| 000 | 00312nam a22000857a 4500 | ||
|---|---|---|---|
| 999 |
_c24824 _d24824 |
||
| 003 | NUST | ||
| 005 | 20170530111908.0 | ||
| 008 | 150604b xxu||||| |||| 00| 0 eng d | ||
| 020 |
_a9789698535292 _cAvailable |
||
| 040 |
_aDLC _bDLC _cRCMS |
||
| 050 | _a410 SHA | ||
| 082 | _a410 SHA | ||
| 100 |
_aSafdar Ali Shah _91544 |
||
| 245 |
_aColonialism English & Panjabi _cSafdar Ali Shah |
||
| 260 |
_aIslamabad _bNUST Publishing National University Since & Technology Islamabad _c2014 |
||
| 300 |
_axx, 349 p. : _bill, ; _c24 cm. |
||
| 440 |
_aColonialism English & Panjabi _91545 |
||
| 538 | _iShelf # 13, Row # 4, Fiction. | ||
| 856 | _3Table of Contents Only. | ||
| 942 |
_2ddc _cBK _h410 SHA |
||